01406nam a22002537a 450000500170000000800410001702000180005804000090007604100080008508200180009310000140011124500680012526000490019330000240024236500570026652006840032365000140100765000210102165000280104265000250107065000220109565000190111770000160113620220523121505.0220507b ||||| |||| 00| 0 eng d a9789355013842 cAloy aeng 223a540bMADC aR L Madan aChemistry for BSc students:bInorganic and physical chemistry-1 aNew DelhibS Chand and Company Limitedc2022 a362p.bPBc23x16cm. 2Chemistrya523b200.00c₹d250.00e20%f06-05-2022 aThis textbook has been conceptualised for universities of Karnataka as per the recommended National Education Policy (NEP) 2020 to meet the needs of B.Sc. students of Chemistry. Maintaining the traditional approach to the subject, this textbook lucidly explains the basics of Inorganic and Physical Chemistry. Important topics such as atomic structure, periodicity of elements, kinetic theory of gases, liquid state, liquid crystals and types of solids are aptly discussed to give an overview of inorganic and physical chemistry. Laboratory work (33 experiments) has also been included to help students achieve sound conceptual understanding and learn experimental procedures.  aChemistry aAtomic structure aPeriodicity of Elements aViscosity of Liquids aIodine Titrations aNEP II SEM BSc aMADAN (R L)